Service charges in commercial property (Record no. 107417)
[ view plain ]
| 000 -LEADER | |
|---|---|
| fixed length control field | 01915cam a22003135a 4500 |
| 001 - CONTROL NUMBER | |
| control field | E140094 |
| 008 - FIXED-LENGTH DATA ELEMENTS--GENERAL INFORMATION | |
| fixed length control field | 070911n2007 stk f u 000 0 eng d |
| 020 ## - INTERNATIONAL STANDARD BOOK NUMBER | |
| International Standard Book Number | 9781842193440 |
| 035 ## - SYSTEM CONTROL NUMBER | |
| System control number | (Sirsi) u140094 |
| 041 0# - LANGUAGE CODE | |
| Language code of text/sound track or separate title | eng |
| 050 04 - LIBRARY OF CONGRESS CALL NUMBER | |
| Classification number | 346.4104342 $2 18 |
| 110 2# - MAIN ENTRY--CORPORATE NAME | |
| Corporate name or jurisdiction name as entry element | Royal Institution of Chartered Surveyors |
| 9 (RLIN) | 4900 |
| 245 00 - TITLE STATEMENT | |
| Title | Service charges in commercial property |
| Remainder of title | RICS code of practice, Scottish edition |
| Statement of responsibility, etc. | [old edition] |
| 260 ## - PUBLICATION, DISTRIBUTION, ETC. | |
| Place of publication, distribution, etc. | London |
| Name of publisher, distributor, etc. | RICS |
| Date of publication, distribution, etc. | 2007 |
| 490 #0 - SERIES STATEMENT | |
| Series statement | RICS Code of Practice |
| 490 #0 - SERIES STATEMENT | |
| Series statement | RICS Guidance Note |
| 505 2# - FORMATTED CONTENTS NOTE | |
| Formatted contents note | Terminology used in the code -- Introduction -- The code -- Technical support -- Appendices |
| 520 ## - SUMMARY, ETC. | |
| Summary, etc. | Written in light of UK government concerns about disputes over service charges and their alleged lack of transparency. In addition to setting out best practice for commercial service charges, the objectives of this new code are to: remove service charges as an area of conflict; deliver a budgetable and forecastable part of occupiers' overheads; ensure service charges that are "not for profit, not for loss" and that are cash neutral to the owner's income stream; encourage transparency and communication in the relationship between landlords and tenants. This Code will come into effect in Scotland on 11 September 2007 and will apply to service charges commencing on 1 April 2008 or any date thereafter. |
| 590 ## - LOCAL NOTE (RLIN) | |
| Local note | KA |
| 651 #4 - SUBJECT ADDED ENTRY--GEOGRAPHIC NAME | |
| Geographic name | Scotland |
| Chronological subdivision | 1999- |
| 690 ## - LOCAL SUBJECT ADDED ENTRY--TOPICAL TERM (OCLC, RLIN) | |
| Topical term or geographic name as entry element | PROPERTY-COMMERCIAL PROPERTY-COMMERCIAL LANDLORD AND TENANT-COMMERCIAL SERVICE CHARGES |
| 710 2# - ADDED ENTRY--CORPORATE NAME | |
| Corporate name or jurisdiction name as entry element | British Council for Offices |
| 9 (RLIN) | 3992 |
| 710 2# - ADDED ENTRY--CORPORATE NAME | |
| Corporate name or jurisdiction name as entry element | British Council of Shopping Centres |
| 9 (RLIN) | 1982 |
| 710 2# - ADDED ENTRY--CORPORATE NAME | |
| Corporate name or jurisdiction name as entry element | Scottish Property Federation |
| 9 (RLIN) | 5359 |
| 710 2# - ADDED ENTRY--CORPORATE NAME | |
| Corporate name or jurisdiction name as entry element | Scottish Retail Consortium |
| 9 (RLIN) | 5360 |
| 710 2# - ADDED ENTRY--CORPORATE NAME | |
| Corporate name or jurisdiction name as entry element | Property Managers Association |
| 9 (RLIN) | 213 |
| 856 40 - ELECTRONIC LOCATION AND ACCESS | |
| Uniform Resource Identifier | <a href="https://www.isurv.com/downloads/download/192/service_charges_in_commercial_property">https://www.isurv.com/downloads/download/192/service_charges_in_commercial_property</a> |
| Public note | Archived on isurv |
| 942 ## - ADDED ENTRY ELEMENTS (KOHA) | |
| Suppress in OPAC | 0 |
| Source of classification or shelving scheme | Dewey Decimal Classification |
| Withdrawn status | Lost status | Source of classification or shelving scheme | Damaged status | Not for loan | Home library | Current library | Shelving location | Date acquired | Total Checkouts | Full call number | Date last seen | Copy number | Price effective from | Koha item type | Public note |
|---|---|---|---|---|---|---|---|---|---|---|---|---|---|---|---|
| Dewey Decimal Classification | Virtual | Virtual | Online | 08/04/2010 | isurv | 18/09/2024 | 1 | 06/08/2019 | Online material | Archived on isurv (subscription required) |